Survey research methods

Αποθηκεύτηκε σε:
Λεπτομέρειες βιβλιογραφικής εγγραφής
Κύριος συγγραφέας: Fowler, Floyd J.
Μορφή: Βιβλίο
Γλώσσα:English
Δημοσίευση: Newbury Park : Sage Publications, c1993
Έκδοση:2nd ed.
Σειρά:Applied social research methods series ; ; 1
Θέματα:
Ετικέτες: Προσθήκη ετικέτας
Δεν υπάρχουν, Καταχωρήστε ετικέτα πρώτοι!

MARC

LEADER 00000nam a2200000 i 4500
001 1/18579
008 981019s1993 eng d
020 |a 0-8039-5049-7 
035 |l 10020963 
040 |a GR-MY-UA  |b gre  |e aacr 
041 0 |a eng 
082 0 |a 300.72 
100 1 |a Fowler, Floyd J. 
245 1 0 |a Survey research methods /  |c Floyd J. Fowler 
250 |a 2nd ed. 
260 |a Newbury Park :   |b Sage Publications,   |c c1993 
300 |a x, 156 σ.;  |c 23 εκ. 
490 1 |a Applied social research methods series  |v ; 1 
504 |a Περιέχει βιβλιογραφικές παραπομπές (σ. 149-153) και ευρετήριο 
650 0 0 |a Social surveys. 
830 0 |a Applied social research methods series ;  |v ; 1 
852 |a INST  |b LESVOS  |e 19981019  |h 300.72 FOW  |p 005100018253  |q 005100018253  |t BK  |y 0 
901 |a BIBL-1999-1 
909 |a Λ  |b 059616 
922 |a 1ΕΛΗ  |b 199809  |c ΚΠΣ/ΤΓ  |d ΠΑΠΑΣΩΤΗΡΙΟΥ 
950 |a 118-1998-07-23